000 00649nam a22001817a 4500
999 _c3643
_d3643
008 160801b xxu||||| |||| 00| 0 eng d
020 _a0781781248
082 _22005
_aDC 612
_bAn1
245 _aAnatomy & physiology made incredibly easy! /
250 _a2nd edition.
260 _aPhiladelphia :
_bLippincott Williams & Wilkins,
_c©2005.
300 _aix, 326 pages :
_billustrations ;
_c24 cm.
500 _aIncludes glossary, bibliographical references and index.
650 0 _912133
_aHuman physiology
_xOutlines, syllabi, etc.
650 0 _912134
_aHuman anatomy
_xOutlines, syllabi, etc.
650 0 _912135
_aAnatomy.
942 _2ddc
_cDC